| 000 | 00580nam a2200169Ia 4500 | ||
|---|---|---|---|
| 999 |
_c11086 _d11086 |
||
| 082 | _aRJ.0104 | ||
| 100 | _aJain, Prakash Chandra | ||
| 245 | 0 | _aBhil and Mina : Development scales : Development scales:a comparative study of the tribal groups with the perspective of planned development | |
| 260 |
_c1997 _bICSSR, New Delhi |
||
| 300 | _a383p. | ||
| 504 | _aBibliography at the end. | ||
| 650 | _aBHILS, THE | ||
| 650 | _aMINAS, THE | ||
| 650 | _aTRIBES AND TRIBALS - RAJASTHAN | ||
| 710 | _aCentre for the Research of Developing Weaker Sections, Udaipur | ||
| 942 |
_cRP _2ddc |
||